000
00230nam a22000857a 4500
008
161207b xxu||||| |||| 00| 0 eng d
100
_9
1935
_a
Trublaini. M
245
_a
Little Natalochka and the Silver Fish
260
_a
Kiev
_b
Dnipro
_c
1988
999
_c
4699
_d
4699